| 000 | 00535nam a22001937a 4500 | ||
|---|---|---|---|
| 005 | 20260120161747.0 | ||
| 008 | 260120b |||||||| |||| 00| 0 eng d | ||
| 037 | _cTB | ||
| 040 |
_aCRL _cCRL |
||
| 084 | _qCRL | ||
| 100 |
_aDhama, K. P. S. _9940457 |
||
| 245 | _aHomeopathy : the complete handbook | ||
| 260 |
_aNew Delhi, India: _bUBS Publication, _c1995. |
||
| 300 | _a324 p. | ||
| 365 |
_b125.00 _cINR |
||
| 700 |
_aDhama, Suman _9940458 |
||
| 942 |
_2CC _cTB _n0 |
||
| 999 |
_c1532244 _d1532244 |
||